| 000 | 00675nam a2200181 a 4500 | ||
|---|---|---|---|
| 008 | 120416s1971 ||||||||||||||||| || u | ||
| 020 | _a0233963340 | ||
| 050 | _aZ 1006 Har | ||
| 100 | _aHarrod, Leonard Montague | ||
| 245 | 1 | 4 | _aThe Librarians' glossary: of terms used in Librarianship and the book crafts and reference book. (3rd ed.) |
| 250 | _a3rd ed. | ||
| 260 |
_aLondon: _bAndrea Deutch _c1971 |
||
| 300 | _a784p. | ||
| 350 | _a0.00 | ||
| 650 | _aLIBRARIANSHIP--DICTIONARIES | ||
| 650 | _aLIBRARIANSHIP--HANDBOOKS, MANUALS, ETC | ||
| 995 |
_D0.00 _FCBU-MAIN LIBRARY (Kitwe) _H1 _I13.00 _M1 _UREFERENCE _ZReference Collection |
||
| 999 |
_c49157 _d49157 |
||